Die teuersten Fußballtransfers - Geboren 1990 - Statistiken

Allgemein
  • Dieses Quiz wurde 46 mal gespielt
  • Das Durchschnittsergebnis liegt bei 6 aus 10
Antwortstatistiken
Ablöse (M €) Saison Nationalität Abgebender Verein Aufnehmender Verein Spieler % Korrekt
60,00 2020-2021 Bosnien und Herzegowina Juventus Turin FC Barcelona Miralem Pjanic
92%
32,00 2016-2017 Bosnien und Herzegowina AS Rom Juventus Turin Miralem Pjanic
92%
40,00 2018-2019 Brasilien Bayern München Juventus Turin Douglas Costa
90%
32,00 2014-2015 Deutschland FC Chelsea VfL Wolfsburg André Schürrle
74%
52,70 2017-2018 England Tottenham Manchester City Kyle Walker
72%
46,50 2015-2016 Belgien Aston Villa FC Liverpool Christian Benteke
46%
37,90 2017-2018 England Leicester City FC Chelsea Danny Drinkwater
44%
40,00 2019-2020 Frankreich FC Sevilla AS Monaco Wissam Ben Yedder
44%
50,00 2015-2016 Brasilien Shakhtar D. JS Suning Alex Teixeira
15%
32,00 2013-2014 Spanien Real Sociedad Real Madrid Asier Illarramendi
8%
Keine übereinstimmenden Quizze gefunden
Verteilung der Resultate
Anzahl Personen mit jedem Resultat
Perzentil nach korrekt beantworteten Fragen
Ihre Resultats-Entwicklung
Sie haben dieses Quiz noch nicht gespielt